000 00631nam a2200205 4500
001 132309
003 ES-MaACL
005 20260210162440.0
007 t|
008 070214s1919 fr r ||||1| fre d
100 1 _aRolet, Antonin.
_999159
245 1 0 _aPlantes medicinales
_b: culture et cueillette des plantes sauvages /
_cAntonin Rolet, Desire Bouret.
260 _aParis :
_bCorbeil-Crété,
_c1919.
300 _a636 p. :
_bil. ;
_c19 cm.
490 1 _aEncyclopedie agricole
700 1 _aBouret, Desire.
_930977
830 0 _aEncyclopédie agricole
_9180885
852 _aES-MaACL
_jD-3650
999 _c132309
_d132309